000 00757cam a22002413a 4500
001 16750
003 PGUSA
005 20140828083346.0
008 050925s2005||||xxu|||||s|||||000 | eng d
040 _aPGUSA
_beng
042 _adc
050 4 _aE660
100 1 _aSteward, T. G.
_q(Theophilus Gould),
_d1843-1924
245 1 4 _aThe Colored Regulars in the United States Army
_h[electronic resource] /
_cT. G. Steward
260 _bProject Gutenberg,
_c2005
506 _aPublic domain in the USA.
516 _aElectronic text
653 _aSpanish-American War, 1898 -- Participation, African American
653 _aAfrican American soldiers
830 0 _aProject Gutenberg
_v16750
856 4 0 _uhttp://www.gutenberg.org/ebooks/16750
942 _cEB
999 _c246005
_d246005